000 00627nam a2200193 i 4500
001 42744
003 ES-MaACL
005 20230906160655.0
007 t|
008 030313s1943 sp ||||1| spa d
100 1 _aCerdá Richart, Baldomero.
_937464
245 1 0 _aOrganización de contabilidades /
_cpor Baldomero Cerdá Richart.
260 _aBarcelona :
_bJuan Bruguer,
_c1943 (
_fImp. de A. Ortega)
300 _a216 p. ;
_c23 cm.
490 1 _aBiblioteca moderna de contabilidad ;
_v1
830 0 _aBiblioteca moderna de contabilidad ;
_v1
_9181954
852 _aES-MaACL
_jF-15850
_bR.20445
999 _c42744
_d42744